Top 25 Most Epic Movies of All Time - Statistics

General Stats
  • This quiz has been taken 92 times
  • The average score is 15 of 25
Answer Stats
# Year Movie Directors Actors % Correct
5 1972/1974 The Godfather/The Godfather Part II Francis Ford Coppola Marlon Brando, Al Pacino, James Caan, Diane Keaton, Robert De Niro, Robert Duvall
89%
24 1997 Titanic James Cameron Leonardo Di Caprio, Kate Winslet, Billy Zane, Kathy Bates
89%
11 2003/2002/2001 The Lord of the Rings: The Return of the King/The Lord of the Rings: The Two Towers/The Lord of the Rings: The Fellowship of the Ring Peter Jackson Elijah Wood, Viggo Mortensen, Ian McKellen, Orlando Bloom, Sean Bean
88%
12 2008 The Dark Knight Chirstopher Nolan Christian Bale, Heath Ledger, Aaron Eckhart, Michael Caine
85%
7 1994 Forrest Gump Robert Zemeckis Tom Hanks, Robin Wright, Gary Sinise, Sally Field
84%
14 1977/1980 Star Wars: Episode IV: A New Hope/Star Wars: Episode V: The Empire Strikes Back George Lucas, Irvin Kershner Mark Hamill, Harrison Ford, Carrie Fisher, Alec Guinness, Billy Dee Williams
84%
25 2009 Avatar James Cameron Zoe Saldana, Sam Worthington, Sigourney Weaver, Michelle Rodriguez
78%
6 1993 Schindler's List Steven Spielberg Liam Neeson, Ralph Fiennes, Ben Kingsley, Caroline Goodall
75%
2 1939 Gone With the Wind Victor Fleming, George Cukor, Sam Wood Clark Gable, Vivien Leigh, Thomas Mitchell, Barbara O'Neil
69%
8 1966 The Good, the Bad and the Ugly Sergio Leone Clint Eastwood, Eli Wallach, Lee Van Cleef, Aldo Giuffrè
69%
22 1998 Saving Private Ryan Steven Spielberg Tom Hanks, Matt Damon, Tom Sizemore, Edward Burns
68%
1 1979 Apocalypse Now Francis Ford Coppola Martin Sheen, Marlon Brando, Robert Duvall, Frederic Forrest
64%
4 1968 2001: A Space Odyssey Stanley Kubrick Keir Dullea, Gary Lockwood, William Sylvester, Daniel Richter
62%
17 2021 Dune Denis Villeneuve Timothée Chalamet, Rebecca Ferguson, Zendaya, Oscar Isaac
60%
23 1982 Gandhi Richard Attenborough Ben Kingsley, John Gielgud, Rohini Hattangadi, Roshan Seth
59%
16 2019 The Irishman Martin Scorsese Robert De Niro, Al Pacino, Joe Pesci, Harvey Keitel
59%
3 1962 Lawrence of Arabia David Lean Peter O'Toole, Alec Guinness, Anthony Quinn, Jack Hawkins
58%
21 1986 Platoon Oliver Stone Charlie Sheen, Tom Berenger, Willem Dafoe, Keith David
51%
10 1954 Seven Samurai Akira Kurosawa Toshirô Mifune, Takashi Shimura, Keiko Tsushima, Yukiko Shimazaki
51%
18 1959 Ben-Hur William Wyler Charlton Heston, Jack Hawkins, Stephen Boyd, Haya Harareet
48%
9 1965 Doctor Zhivago David Lean Omar Sharif, Julie Christie, Geraldine Chaplin, Rod Steiger
36%
13 2012 Life of Pi Ang Lee Suraj Sharma, Irrfan Khan, Adil Hussain, Tabu
35%
20 1957 The Bridge on the River Kwai David Lean William Holden, Alec Guinness, Jack Hawkins, Sessue Hayakawa
33%
15 1998 The Thin Red Line Terrence Malik Jim Cavieziel, Sean Penn, Nick Nolte, Kirk Acevedo
22%
19 2011 The Tree of Life Terrence Malik Brad Pitt, Sean Penn, Jessica Chastain, Hunter McCracken
20%
No matching quizzes found
Score Distribution
Percent of People with Each Score
Percentile by Number Answered
Your Score History
You have not taken this quiz